MEDIUM HEAVY DUTY TRUCK STCARING SUSPENSION (Record no. 739112)

MARC details
000 -LEADER
fixed length control field 00258nam a2200097Ia 4500
008 - FIXED-LENGTH DATA ELEMENTS--GENERAL INFORMATION
fixed length control field 230508s1999 xx 000 0 und d
041 ## - LANGUAGE CODE
Language code of text/sound track or separate title eng
100 ## - MAIN ENTRY--PERSONAL NAME
Personal name KNOWLES OF ERJAVEC
245 ## - TITLE STATEMENT
Title MEDIUM HEAVY DUTY TRUCK STCARING SUSPENSION
260 ## - PUBLICATION, DISTRIBUTION, ETC.
Name of publisher, distributor, etc. DELMAR PUB
Date of publication, distribution, etc. 1999

No items available.